Länder auf 2 Kontinenten - Statistiken

Allgemein
  • Dieses Quiz wurde 193 mal gespielt
  • Das Durchschnittsergebnis liegt bei 10 aus 13
Antwortstatistiken
Hint Antwort % Korrekt
Asien & Europa Russland
95%
Asien & Europa Türkei
95%
Afrika, Europa, Nordamerika, Ozeanien & Südamerika Frankreich
90%
Europa & Nordamerika Dänemark
85%
Afrika & Europa Spanien
85%
Afrika & Asien Ägypten
83%
Asien & Ozeanien Indonesien
81%
Afrika, Asien, Europa & Nordamerika Grossbritannien
77%
Afrika & Europa Portugal
75%
Nordamerika, Ozeanien & Südamerika USA
75%
Asien & Europa Zypern
70%
Europa & Nordamerika Niederlande
63%
Asien & Europa Kasachstan
45%
Keine übereinstimmenden Quizze gefunden
Verteilung der Resultate
Anzahl Personen mit jedem Resultat
Perzentil nach korrekt beantworteten Fragen
Ihre Resultats-Entwicklung
Sie haben dieses Quiz noch nicht gespielt